| 000 | 01069nam0a22002651 4500 | ||
|---|---|---|---|
| 001 | rc\2725446 | ||
| 005 | 20250806210205.0 | ||
| 035 | _a(NLR Aleph) 006852939 | ||
| 090 |
_a6948 _c6948 |
||
| 100 | _a20110915d1943 u y0rusy50 ca | ||
| 101 | 0 | _arus | |
| 102 | _aRU | ||
| 105 | _aa z ||||| | ||
| 200 | 1 |
_aТехминимум для мастера наружной канализационной сети _eУтв. ГУУЗ Наркомхоза РСФСР в качестве учеб. пособия для мас. квалификаций |
|
| 210 |
_aМосква _aЛенинград _cИзд-во Наркомхоза РСФСР _d1943 _eМосква |
||
| 215 |
_a72 с., без обл. _cил., черт. _d22 см. |
||
| 320 | _aБиблиогр.: стр. 71 | ||
| 700 | 1 |
_aДемидов _bЛ.Г. _gЛаврентий Герасимович |
|
| 801 | 0 |
_aRU _bNLR _gpsbo |
|
| 801 | 1 |
_aRU _bELAR _2rusmarc |
|
| 852 |
_aNLR _jТ80 Г-6/108 |
||
| 942 | _cBOOK | ||
| 945 | _aРоссийская национальная библиотека | ||
| 980 | _aNB | ||
| 980 | _aBV | ||